| 000 | 00563nam a2200229Ia 4500 | ||
|---|---|---|---|
| 008 | 210210b2008 xxu||||| |||| 00| 0 eng d | ||
| 020 | _a9788175961081 | ||
| 041 | _aeng | ||
| 082 | _a301 KAVC | ||
| 100 | _aKAVIRAJ (Sudipta) | ||
| 245 | _aCivil society: history and possibilities | ||
| 260 |
_aNew Delhi _bCambridge University Press _c2008 |
||
| 300 | _ax,330 | ||
| 650 | _asociety: | ||
| 650 | _apossibilities | ||
| 650 | _ahistory | ||
| 650 | _aCivil | ||
| 650 | _aand | ||
| 690 | _aSociology | ||
| 700 | _aKHILNANI (Sunil) Ed | ||
| 906 | _a064854 | ||
| 999 |
_c141895 _d141895 |
||